000 00359nam a22001577a 4500
003 OSt
005 20250227153934.0
007 660 pages
008 250227b |||||||| |||| 00| 0 eng d
020 _a9789353161156
040 _c
082 _a621.406
_bDUB
245 _aTurbomachinery
_cDubey, Prasad
260 _bmcgraw Hill
_c2019
942 _2ddc
_cBK
_n0
999 _c36150
_d36150